| 000 | 00677nam a22002057a 4500 | ||
|---|---|---|---|
| 003 | OSt | ||
| 005 | 20260619105416.0 | ||
| 008 | 260616b |||||||| |||| 00| 0 eng d | ||
| 020 | _a0325005273 | ||
| 040 | _cChuka University | ||
| 050 |
_aLB 1529 _b .C35 2005 |
||
| 100 |
_aCalkins, Lucy & Pat Bleichman _927666 |
||
| 245 | _aThe Craft of Revision | ||
| 260 |
_aPortsmouth _bFirsthand _c2003 |
||
| 300 |
_a120pp _bIllustrated |
||
| 650 |
_aEnglish language- composition and exercises- study and teaching (primary) _928027 |
||
| 650 |
_aEditing- study and teaching (primary)- united states _929343 |
||
| 650 |
_aCurriculum planning- United states _926921 |
||
| 942 |
_2lcc _cBK _n0 |
||
| 999 |
_c24358 _d24358 |
||